The Raghuvamsa of Kalidasa (Vol -V) (Record no. 55792)
[ view plain ]
| 000 -LEADER | |
|---|---|
| fixed length control field | 00467nam a2200169Ia 4500 |
| 001 - CONTROL NUMBER | |
| control field | 55868 |
| 008 - FIXED-LENGTH DATA ELEMENTS--GENERAL INFORMATION | |
| fixed length control field | 080101n ii |||gr||||Z||||||465 |
| 082 ## - DEWEY DECIMAL CLASSIFICATION NUMBER | |
| Classification number | 891.22 |
| 100 ## - MAIN ENTRY--PERSONAL NAME | |
| Personal name | Parab, |
| Relator term | K.P., |
| 245 #0 - TITLE STATEMENT | |
| Title | The Raghuvamsa of Kalidasa (Vol -V) |
| Statement of responsibility, etc. | Edited By-K.P.Parab |
| Medium | Textual Documents |
| 250 ## - EDITION STATEMENT | |
| Edition statement | Ist ed-2005. |
| 260 ## - PUBLICATION, DISTRIBUTION, ETC. | |
| Place of publication, distribution, etc. | New Delhi: |
| Name of publisher, distributor, etc. | Genesis Publishing Pvt .Ltd. |
| 300 ## - PHYSICAL DESCRIPTION | |
| Dimensions | 23cm. |
| 653 ## - INDEX TERM--UNCONTROLLED | |
| Uncontrolled term | Sanskrit Literature |
| 653 ## - INDEX TERM--UNCONTROLLED | |
| Uncontrolled term | Dept-Sanskrit |
| 942 ## - ADDED ENTRY ELEMENTS (KOHA) | |
| Source of classification or shelving scheme | Dewey Decimal Classification |
| Koha item type | Books |
| Withdrawn status | Lost status | Damaged status | Not for loan | Collection | Home library | Current library | Shelving location | Date acquired | Source of acquisition | Coded location qualifier | Total checkouts | Full call number | Barcode | Date last seen | Copy number | Price effective from | Koha item type | Public note |
|---|---|---|---|---|---|---|---|---|---|---|---|---|---|---|---|---|---|---|
| Dr. Suryya Kumar Bhuyan Library | Dr. Suryya Kumar Bhuyan Library | 01/01/2008 | SA | 00000 | 891.22 ka 124 Ra | 1126/Sans | 14/01/2024 | 1 | 01/01/2008 | Books | SA |
